[Event "Mittelfranken-chTB2b 1920"]
[Site "Mittelfranken"]
[Date "2020.03.22"]
[Round "8.2"]
[White "Hollederer, Manfred"]
[Black "Boehme, Markus"]
[Result "0-1"]
[WhiteElo "1836"]
[BlackElo "2088"]
[PlyCount "49"]
[EventDate "2019.10.13"]
[EventType "team-tourn"]
[EventRounds "9"]
[EventCountry "GER"]
[SourceTitle "EXT 2023"]
[Source "ChessBase"]
[SourceDate "2022.10.05"]
[SourceVersion "1"]
[SourceVersionDate "2022.10.05"]
[SourceQuality "1"]
[WhiteTeam "Nuernberg Anderssen"]
[BlackTeam "Uttenreuth"]
[WhiteTeamCountry "GER"]
[BlackTeamCountry "GER"]

1. d4 Nf6 2. c4 c5 3. d5 b5 4. cxb5 a6 5. e3 g6 6. Nc3 Bg7 7. Nf3 0-0 8. a4 Bb7 9. e4 e6 10. dxe6 fxe6 11. Qc2 d5 12. exd5 exd5 13. bxa6 Nxa6 14. Be3 Qe7 15. 0-0-0 d4 16. Bc4+ Kh8 17. Bxd4 cxd4 18. Rhe1 Qc5 19. Bxa6 Bxf3 20. Be2 dxc3 21. Bxf3 cxb2+ 22. Kb1 Qa3 23. Qd3 Qa1+ 24. Kc2 Qxa4+ 25. Kb1 0-1

[Event "Mittelfranken-chTB2b 1920"]
[Site "Mittelfranken"]
[Date "2020.03.08"]
[Round "7.1"]
[White "Hollederer, Manfred"]
[Black "Wagner, Hans1"]
[Result "1/2-1/2"]
[WhiteElo "1836"]
[BlackElo "2068"]
[PlyCount "52"]
[EventDate "2019.10.13"]
[EventType "team-tourn"]
[EventRounds "9"]
[EventCountry "GER"]
[SourceTitle "EXT 2023"]
[Source "ChessBase"]
[SourceDate "2022.10.05"]
[SourceVersion "1"]
[SourceVersionDate "2022.10.05"]
[SourceQuality "1"]
[WhiteTeam "Nuernberg Anderssen"]
[BlackTeam "Stein SC"]
[WhiteTeamCountry "GER"]
[BlackTeamCountry "GER"]

1. d4 c5 2. d5 e5 3. c4 d6 4. Nc3 Be7 5. e4 Nf6 6. Bd3 0-0 7. Nge2 Nh5 8. Be3 Bg5 9. Qd2 Bxe3 10. Qxe3 Nd7 11. 0-0-0 a6 12. g4 Nf4 13. Nxf4 exf4 14. Qxf4 Ne5 15. g5 b5 16. Qg3 bxc4 17. Be2 Rb8 18. f4 Qb6 19. Rd2 Nd7 20. Rg1 Qd8 21. Bg4 Nb6 22. Bxc8 Rxc8 23. f5 f6 24. h4 Qe7 25. Rdg2 Kh8 26. gxf6 gxf6 1/2-1/2

[Event "Mittelfranken-chTB2b 1819"]
[Site "Mittelfranken"]
[Date "2019.03.17"]
[Round "7.2"]
[White "Beesk, Kevin"]
[Black "Hollederer, Manfred"]
[Result "1-0"]
[WhiteElo "2009"]
[BlackElo "1825"]
[PlyCount "101"]
[EventDate "2018.10.14"]
[EventType "team-tourn"]
[EventRounds "9"]
[EventCountry "GER"]
[SourceTitle "EXT 2022"]
[Source "ChessBase"]
[SourceDate "2021.10.06"]
[SourceVersion "1"]
[SourceVersionDate "2021.10.06"]
[SourceQuality "1"]
[WhiteTeam "Neumarkt"]
[BlackTeam "Nuernberg Anderssen"]
[WhiteTeamCountry "GER"]
[BlackTeamCountry "GER"]

1. c4 Nf6 2. g3 c5 3. Bg2 Nc6 4. Nc3 g6 5. Nf3 Bg7 6. d4 cxd4 7. Nxd4 0-0 8. 0-0 a6 9. Nc2 d6 10. Ne3 Bd7 11. Qd2 Rb8 12. b3 Re8 13. Bb2 Qa5 14. Rfd1 Qh5 15. Ncd5 Ng4 16. Nxg4 Bxg4 17. Bxg7 Kxg7 18. Re1 Qe5 19. Rad1 Red8 20. h3 Bc8 21. Kh2 Kf8 22. e4 h5 23. f4 Qg7 24. Nb6 Be6 25. b4 f6 26. a4 g5 27. b5 gxf4 28. gxf4 Na7 29. Bf3 Nc8 30. Nd5 axb5 31. cxb5 Bf7 32. a5 h4 33. Rg1 Qh6 34. Rg4 e6 35. Nb4 Ne7 36. Qf2 Ng6 37. Bh1 f5 38. exf5 exf5 39. Rg5 Ne7 40. Nd5 Nxd5 41. Bxd5 Rd7 42. Rxf5 Rc8 43. a6 b6 44. Rd2 Rc5 45. Rxf7+ Rxf7 46. Bxf7 Kxf7 47. Ra2 Rc8 48. a7 Qh8 49. Qxb6 Qc3 50. Qb7+ Kf6 51. Rg2 1-0

[Event "Mittelfranken-chTB2a 1314"]
[Site "Mittelfranken"]
[Date "2014.01.26"]
[Round "5.4"]
[White "Lutzky, Manfred"]
[Black "Hollederer, Manfred"]
[Result "1-0"]
[WhiteElo "1880"]
[BlackElo "1786"]
[PlyCount "83"]
[EventDate "2013.10.20"]
[EventType "team-tourn"]
[EventRounds "9"]
[EventCountry "GER"]
[SourceTitle "EXT 2020"]
[Source "ChessBase"]
[SourceDate "2019.10.17"]
[SourceVersion "1"]
[SourceVersionDate "2019.10.17"]
[SourceQuality "1"]
[WhiteTeam "Nuernberg NT V"]
[BlackTeam "Anderssen/78 Nuernberg"]
[WhiteTeamCountry "GER"]
[BlackTeamCountry "GER"]

1. e4 e6 2. d4 d5 3. exd5 exd5 4. Bd3 Nf6 5. Ne2 Bd6 6. 0-0 0-0 7. h3 Nbd7 8. Bf4 Bxf4 9. Nxf4 Re8 10. Nd2 Nf8 11. c3 Qd6 12. Qf3 Ne6 13. Nxe6 Bxe6 14. Rfe1 Bd7 15. Nf1 c5 16. dxc5 Qxc5 17. Ng3 d4 18. Qxb7 dxc3 19. bxc3 Bc6 20. Qb4 Qd5 21. Bf1 Rxe1 22. Rxe1 Qxa2 23. Bc4 Qd2 24. Re2 Qd1+ 25. Kh2 Bd5 26. Nf5 Bxc4 27. Qxc4 a5 28. Re3 Qd7 29. Ne7+ Kh8 30. Qxf7 a4 31. g4 Rd8 32. g5 Nd5 33. Re5 Qc7 34. f4 Nxc3 35. Ng6+ hxg6 36. Qxc7 Rd2+ 37. Kg3 Ne2+ 38. Kf3 Ng1+ 39. Kg3 Rd3+ 40. Kg2 Nxh3 41. Re8+ Kh7 42. Qb8 1-0